Loading...
| Science - Other Science | 0 | 7 | 0 | 1 | 70 | 16 | 51.00 | 0 | 4 |
| Science - Chemistry | 0 | 6 | 0 | 0 | 60 | 13 | 47.83 | 1 | 6 |
| Science - Biology | 0 | 6 | 0 | 0 | 60 | 19 | 41.00 | 3 | 6 |
| Science - Physics | 0 | 6 | 3 | 0 | 45 | 23 | 40.50 | 3 | 6 |
| History - American History | 0 | 3 | 0 | 1 | 30 | 69 | 77.00 | 1 | 2 |
| Social Science | 0 | 3 | 0 | 1 | 30 | 26 | 60.33 | 0 | 2 |
| History - World History | 0 | 3 | 0 | 1 | 30 | 30 | 58.00 | 0 | 1 |
| Current Events | 0 | 2 | 0 | 0 | 20 | 67 | 79.00 | 0 | 1 |
| Fine Arts - Other Fine Arts | 0 | 2 | 0 | 1 | 20 | 68 | 87.50 | 1 | 1 |
| History - European History | 0 | 2 | 0 | 0 | 20 | 55 | 66.00 | 0 | 0 |
| Painting/Sculpture | 0 | 2 | 1 | 1 | 15 | 86 | 86.50 | 0 | 0 |
| Philosophy | 0 | 1 | 0 | 0 | 10 | 62 | 62.00 | 0 | 0 |
| Religion | 0 | 1 | 0 | 0 | 10 | 93 | 93.00 | 0 | 0 |
| Literature - World Literature | 0 | 1 | 0 | 0 | 10 | 73 | 73.00 | 0 | 0 |
| Literature - European Literature | 0 | 2 | 2 | 0 | 10 | 73 | 85.00 | 0 | 0 |
| History - Other History | 0 | 1 | 0 | 0 | 10 | 103 | 103.00 | 0 | 0 |
| Geography | 0 | 1 | 0 | 0 | 10 | 111 | 111.00 | 0 | 0 |
| Mythology | 0 | 1 | 0 | 1 | 10 | 100 | 100.00 | 0 | 1 |
| Fine Arts - Classical Music | 0 | 0 | 0 | 0 | 0 | 0.00 | 0 | 0 |